Guidance for industry : S8 immunotoxicity studies for human pharmaceuticals.

Bibliographic Details
Corporate Authors: Center for Drug Evaluation and Research (U.S.), Center for Biologics Evaluation and Research (U.S.), International Conference on Harmonisation
Format: Government Document Conference Proceeding eBook
Language:English
Published: Rockville, MD : U.S. Dept. of Health and Human Services, Food and Drug Administration, Center for Drug Evaluation and Research : Center for Biologics Evaluation and Research, [2006]
Subjects:
Online Access:https://purl.fdlp.gov/GPO/LPS113859

MARC

Tag First Indicator Second Indicator Subfields
LEADER 00000cam a2200000Ia 4500
001 in00002484621
005 20211202191855.0
006 m d f
007 cr an|||||||||
008 090617s2006 mdu s f000 0 eng d
035 |a (OCoLC)ocn401825196 
040 |a GPO  |c GPO  |d MvI  |d UtOrBLW 
049 |a WWW 
074 |a 0499-T (online) 
086 0 |a HE 20.4702:IM 6 
245 0 0 |a Guidance for industry :  |b S8 immunotoxicity studies for human pharmaceuticals. 
246 3 0 |a S8 immunotoxicity studies for human pharmaceuticals 
246 3 0 |a Immunotoxicity studies for human pharmaceuticals 
264 1 |a Rockville, MD :  |b U.S. Dept. of Health and Human Services, Food and Drug Administration, Center for Drug Evaluation and Research :  |b Center for Biologics Evaluation and Research,  |c [2006] 
300 |a 13 pages :  |b digital, PDF file. 
336 |a text  |b txt  |2 rdacontent 
337 |a computer  |b c  |2 rdamedia 
338 |a online resource  |b cr  |2 rdacarrier 
538 |a Mode of access: Internet at the FDA web site. Address as of 6/17/09: http://www.fda.gov/downloads/RegulatoryInformation/Guidances/ucm129119.pdf ; current access is available via PURL. 
500 |a Title from PDF title page (viewed on June 17, 2009). 
500 |a "ICH". 
500 |a "April 2006". 
500 |a Electronic resource. 
650 0 |a Immunotoxicology. 
650 0 |a Drugs  |x Testing. 
710 2 |a Center for Drug Evaluation and Research (U.S.) 
710 2 |a Center for Biologics Evaluation and Research (U.S.) 
711 2 |a International Conference on Harmonisation. 
856 4 0 |u https://purl.fdlp.gov/GPO/LPS113859  |t 0 
999 |a MARS 
999 f f |s d13444af-3bee-3955-8cf6-066d1848bf7e  |i 4d57a5e0-0dee-3325-809c-9340828b4e02  |t 0 
952 f f |a Texas A&M University  |b College Station  |c Electronic Resources  |d Available Online  |t 0  |e HE 20.4702:IM 6  |h Superintendent of Documents classification 
998 f f |a HE 20.4702:IM 6  |t 0  |l Available Online